Noah Webster's first edition of an American dictionary of the English language. (Record no. 956)

000 -LEADER
fixed length control field 00853nam a2200193 a 4500
001 - CONTROL NUMBER
control field :::00014135$&:&@@
003 - CONTROL NUMBER IDENTIFIER
control field OkBaRHE
005 - DATE AND TIME OF LATEST TRANSACTION
control field 20100325145600.0
008 - FIXED-LENGTH DATA ELEMENTS--GENERAL INFORMATION
fixed length control field s1967 j 000 0 eng u
040 ## - CATALOGING SOURCE
Transcribing agency
100 1# - MAIN ENTRY--PERSONAL NAME
Personal name Webster, Noah, 1758-1843.
245 10 - TITLE STATEMENT
Title Noah Webster's first edition of an American dictionary of the English language.
Statement of responsibility, etc Republished in facsimile, prefaced by an article, Noah Webster, founding father of American scholarship and education, by Rosalie J. Slater.
260 ## - PUBLICATION, DISTRIBUTION, ETC. (IMPRINT)
Place of publication, distribution, etc Anaheim, CA., :
Name of publisher, distributor, etc Foundation for American Christian Education
Date of publication, distribution, etc 1967
300 ## - PHYSICAL DESCRIPTION
Extent 1 v. (unpaged) : port. ;
Dimensions 29 cm.
490 0# - SERIES STATEMENT
Series statement American Christian history education series.
650 ## - SUBJECT ADDED ENTRY--TOPICAL TERM
Topical term or geographic name as entry element English Language
General subdivision Dictionaries
942 ## - ADDED ENTRY ELEMENTS (KOHA)
Source of classification or shelving scheme
Koha item type Books
Copies
Shelving location Koha item type Full call number Not for loan Copy number Lost status Barcode Source of classification or shelving scheme Withdrawn status Damaged status Price effective from Collection code Date last seen Date acquired Permanent Location
General StacksBooksPE 1625 .W3 1 14135   2010-04-14Reference2010-04-142010-04-14RHEMA Bible Training College